Matemática /

Guardado en:
Autor Principal: Gabba, Pablo José
Formato: Libro
Publicado: Argentina : Hachette, 1977
Materias:
Etiquetas: Agregar Etiqueta
Sin Etiquetas, Sea el primero en etiquetar este registro!
LEADER 00901nam a22002175a 4500
001 CEM.cems002648
005 19000101000000.0
008 130507s1977##################000#0#####d
003 CEMS
082 0 4 |a 510 
100 1 |a Gabba, Pablo José 
245 1 0 |a Matemática / 
260 |a Argentina :  |b Hachette,  |c 1977 
300 |a 132 p. 
505 0 |a Las mediciones. Sus errores; Introduccion al calculo de probabilidades; La teoria de Gauss. Definiciones. Postulados; Distribucion de los errores. Tercero y cuarto postulado de Gauss; La propagacion de errores; La estadistica; Parametros o caracteristicas de una distribucion de frecuencias; Las principales leyes estadisticas; Teoria del muestreo 
653 |a Geometria del espacio 
653 |a Logaritmos 
653 |a Matematica 
653 |a Numeros complejos 
653 |a Teorema del seno 
859 |a CEMS  |b BIB. CEMS - 11 de abril  |h 510  |i G111  |p 11532.82  |t Ej.1